[Event "16. Offene Südharz-Meisterschaft"]
[Site "Mansfeld"]
[Date "2023.12.16"]
[Round "3.5"]
[White "Groebel, Henning"]
[Black "Loeffelholz, Jonas"]
[Result "1-0"]
[WhiteElo "1680"]
[BlackElo "1201"]
[PlyCount "139"]
[EventDate "2023.??.??"]

1. e4 c5 2. Nc3 d6 3. Nf3 Nf6 4. g3 b5 5. Bxb5+ Nbd7 6. O-O a6 7. Be2 Bb7 8. d3
e5 9. Ne1 Be7 10. Ng2 O-O 11. f4 d5 12. exd5 Nxd5 13. Nxd5 Bxd5 14. Bf3 Bxf3
15. Qxf3 Rb8 16. Ne3 Bd6 17. Nc4 Bc7 18. b3 Re8 19. Bd2 Rc8 20. Rae1 Qf6 21.
Bc3 Qf5 22. Ne3 Qg6 23. f5 Qg5 24. Nd5 Bd6 25. f6 gxf6 26. Nxf6+ Nxf6 27. Qxf6
Qxf6 28. Rxf6 Rcd8 29. Re4 Kg7 30. Rxd6 Rxd6 31. Bxe5+ Rxe5 32. Rxe5 Rc6 33.
Kf2 Kf6 34. Rd5 h6 35. Kf3 Kg6 36. Ke4 f6 37. Kf4 Re6 38. Rxc5 Re2 39. h4 Rf2+
40. Ke3 Rf1 41. Rc7 Re1+ 42. Kf2 Re6 43. Kf3 Re5 44. g4 Rd5 45. Re7 Rd4 46. Re4
Rd5 47. d4 h5 48. gxh5+ Kxh5 49. c4 Ra5 50. Re2 Kxh4 51. Kf4 Kh5 52. d5 Kg6 53.
d6 Rf5+ 54. Ke4 Re5+ 55. Kd3 Rxe2 56. Kxe2 Kf7 57. c5 a5 58. a3 Ke6 59. b4 axb4
60. axb4 Kd7 61. Ke3 Kc6 62. Kd4 Kd7 63. Kd5 Kc8 64. c6 f5 65. Ke5 f4 66. Kxf4
Kd8 67. b5 Kc8 68. b6 Kb8 69. d7 Ka8 70. d8=Q# 1-0

[Event "16. Offene Südharz-Meisterschaft"]
[Site "Mansfeld"]
[Date "2023.12.16"]
[Round "3.6"]
[White "Kuhlmann, Naya"]
[Black "Meitzner, Jonathan Franz"]
[Result "0-1"]
[WhiteElo "1005"]
[BlackElo "1599"]
[PlyCount "104"]
[EventDate "2023.??.??"]

1. e4 c5 2. Nf3 d6 3. Bc4 Nf6 4. Nc3 e6 5. d4 cxd4 6. Nxd4 a6 7. O-O Be7 8. Be3
O-O 9. Re1 b5 10. Bb3 Bb7 11. Bg5 Nbd7 12. Qd2 Qc7 13. Rad1 Rac8 14. Nf3 Rcd8
15. a3 Nc5 16. Qf4 e5 17. Qe3 Ncxe4 18. Bxf6 Nxf6 19. Rd2 Ng4 20. Qe2 Nf6 21.
Qe3 h6 22. h3 Nh7 23. Qe2 Ng5 24. Nxg5 Bxg5 25. Rdd1 Kh8 26. Bd5 Bxd5 27. Nxd5
Qc5 28. b4 Qc6 29. Qe4 f5 30. Qf3 e4 31. Qc3 Qxc3 32. Nxc3 Rc8 33. Ne2 Rxc2 34.
Rxd6 Bd2 35. Rd1 Bxb4 36. axb4 Rxe2 37. Rxa6 Rb2 38. Rd4 Rc8 39. Rb6 Rcc2 40.
Rxb5 Rxf2 41. Rd1 Rxg2+ 42. Kf1 Rgf2+ 43. Kg1 e3 44. Re1 Rg2+ 45. Kh1 Rh2+ 46.
Kg1 Rbg2+ 47. Kf1 e2+ 48. Rxe2 Rxe2 49. Rb8+ Kh7 50. b5 Rb2 51. b6 Rb5 52. b7
Rhb2 0-1

[Event "16. Offene Südharz-Meisterschaft"]
[Site "Mansfeld"]
[Date "2023.12.16"]
[Round "3.7"]
[White "Voigt, Raphael"]
[Black "Ziegenfuss, Holger"]
[Result "0-1"]
[WhiteElo "1435"]
[BlackElo "2001"]
[PlyCount "46"]
[EventDate "2023.??.??"]

1. e4 e5 2. Nf3 Nc6 3. Bc4 Nf6 4. d3 Bc5 5. c3 d6 6. h3 Bb6 7. a4 a6 8. O-O O-O
9. Be3 Ba7 10. Nbd2 Ne7 11. b4 c6 12. Qc2 Ng6 13. d4 Nh5 14. b5 a5 15. Ba2 Nhf4
16. Bc4 Qf6 17. Bb3 Be6 18. Nc4 Nxh3+ 19. Kh2 Nhf4 20. Nxd6 Bxb3 21. dxe5 Nxe5
22. Qxb3 Qh6+ 23. Kg1 Ne2# 0-1

[Event "16. Offene Südharz-Meisterschaft"]
[Site "Mansfeld"]
[Date "2023.12.16"]
[Round "3.8"]
[White "Schulemann, Gero"]
[Black "Manteuffel, Florian"]
[Result "1-0"]
[WhiteElo "1905"]
[BlackElo "1326"]
[PlyCount "73"]
[EventDate "2023.??.??"]

1. e4 b6 2. Nf3 Bb7 3. Nc3 e6 4. d4 Bb4 5. Bd3 Nf6 6. Qe2 d6 7. O-O Bxc3 8.
bxc3 Nc6 9. Bg5 h6 10. Bh4 g5 11. Bg3 Nh5 12. Nd2 Nxg3 13. fxg3 Qd7 14. Qh5 Nd8
15. Rf6 d5 16. e5 c5 17. Rxh6 Rxh6 18. Qxh6 Qe7 19. Rf1 c4 20. Be2 a5 21. Nf3
g4 22. Ng5 b5 23. Bxg4 b4 24. Bh5 b3 25. axb3 cxb3 26. cxb3 Rc8 27. Nxf7 Nxf7
28. Rxf7 Qxf7 29. Bxf7+ Kxf7 30. Qh7+ Ke8 31. Qxb7 Rxc3 32. Qa8+ Kf7 33. Qxa5
Rxb3 34. Qc7+ Kg6 35. Qe7 Rb1+ 36. Kf2 Kf5 37. Qh7+ 1-0

[Event "16. Offene Südharz-Meisterschaft"]
[Site "Mansfeld"]
[Date "2023.12.16"]
[Round "3.9"]
[White "Poetzsch, Reiko"]
[Black "Wehling, Simeon"]
[Result "1-0"]
[WhiteElo "1841"]
[BlackElo "1178"]
[PlyCount "85"]
[EventDate "2023.??.??"]

1. e4 c5 2. Nf3 d6 3. Bc4 Nf6 4. d3 g6 5. c3 Nc6 6. O-O Bg7 7. Bg5 O-O 8. Bb3
h6 9. Be3 b6 10. h3 e6 11. Nbd2 d5 12. Re1 Qd6 13. Qc1 Kh7 14. exd5 exd5 15. d4
Be6 16. Nf1 Ne4 17. Bc2 f5 18. Bf4 Qd7 19. dxc5 Nxc5 20. Ng3 Ne4 21. Nd2 g5 22.
Be3 f4 23. Ngxe4 fxe3 24. Nf6+ Kh8 25. Nxd7 exf2+ 26. Kh1 fxe1=Q+ 27. Qxe1 Bxd7
28. Qe2 Rae8 29. Qh5 Re6 30. Nf3 Be8 31. Qg4 Bd7 32. Qg3 Re2 33. Bb3 Ne7 34.
Rd1 Bc6 35. Qd6 d4 36. Nxd4 Bxg2+ 37. Kg1 Bxd4+ 38. Qxd4+ Kh7 39. Qd3+ Re4 40.
Kxg2 Rff4 41. Re1 Nf5 42. Rxe4 Nh4+ 43. Kh1 1-0

[Event "16. Offene Südharz-Meisterschaft"]
[Site "Mansfeld"]
[Date "2023.12.16"]
[Round "3.10"]
[White "Wohlrabe, Joerg"]
[Black "Schneider, Felix"]
[Result "1-0"]
[WhiteElo "1627"]
[BlackElo "1106"]
[PlyCount "69"]
[EventDate "2023.??.??"]

1. e4 e5 2. Nf3 Nc6 3. d4 exd4 4. Nxd4 Nxd4 5. Qxd4 c5 6. Qa4 Nf6 7. Nc3 g6 8.
Bg5 Qb6 9. Qb5 Qe6 10. Bxf6 Qxf6 11. Bd3 Bg7 12. Qxc5 d6 13. Bb5+ Bd7 14. Bxd7+
Kxd7 15. Qb5+ Kd8 16. O-O Qe6 17. Qa5+ b6 18. Qb4 Rc8 19. Rad1 Rc6 20. Ne2 g5
21. Nd4 Bxd4 22. Qxd4 f6 23. Qa4 Rc7 24. Rd4 Ke7 25. c3 Rhc8 26. Rfd1 Rd8 27.
a3 h5 28. Qc2 h4 29. R4d3 g4 30. h3 Kf8 31. Qd2 gxh3 32. Rxh3 Qxe4 33. Qd4 Rc4
34. Qxf6+ Ke8 35. Re3 1-0

[Event "16. Offene Südharz-Meisterschaft"]
[Site "Mansfeld"]
[Date "2023.12.17"]
[Round "4.1"]
[White "Meitzner, Jonathan Franz"]
[Black "Schuetze, Norman"]
[Result "0-1"]
[WhiteElo "1599"]
[BlackElo "2277"]
[PlyCount "102"]
[EventDate "2023.??.??"]

1. e4 c5 2. Nf3 d6 3. d4 cxd4 4. Nxd4 Nf6 5. f3 e6 6. c4 a6 7. Nc3 b6 8. Be3
Bb7 9. Be2 Nbd7 10. O-O Qc7 11. Qe1 Rc8 12. Qf2 Be7 13. Nb3 O-O 14. Rac1 Bd8
15. Rfd1 Re8 16. Bf4 Be7 17. Rd2 Ne5 18. Bxe5 dxe5 19. Rdd1 Nd7 20. Na4 Bc6 21.
Nc3 Nc5 22. Qg3 Nxb3 23. axb3 Red8 24. Ra1 a5 25. Na2 Rd4 26. Nc3 Bd6 27. Kh1
Rd8 28. Rd3 Qe7 29. Rad1 Qf6 30. Qf2 Bc5 31. Qg3 Bd6 32. Qf2 Bb8 33. R1d2 h5
34. Qe3 R8d7 35. Bf1 Qd8 36. Be2 Qh4 37. g3 Qd8 38. Kg2 Qf6 39. Kf2 Bd6 40. Kg2
Bc5 41. Rxd4 exd4 42. Qf4 Qxf4 43. gxf4 dxc3 44. Rxd7 Bxd7 45. bxc3 Be3 46. Kg3
Bd2 47. Kh4 g6 48. e5 Bxf4 49. b4 Bxe5 50. bxa5 bxa5 51. Bd1 a4 0-1

[Event "16. Offene Südharz-Meisterschaft"]
[Site "Mansfeld"]
[Date "2023.12.17"]
[Round "4.2"]
[White "Martemyanov, Mikhail"]
[Black "Sedlmayr, David"]
[Result "0-1"]
[WhiteElo "1257"]
[BlackElo "1989"]
[PlyCount "73"]
[EventDate "2023.??.??"]

1. e4 c5 2. Nf3 Nc6 3. d4 cxd4 4. Nxd4 e5 5. Nb5 d6 6. N1c3 a6 7. Na3 Be6 8.
Be2 Nf6 9. Bg5 Be7 10. O-O O-O 11. Bxf6 Bxf6 12. Nd5 Bg5 13. c3 b5 14. Nc2 Ne7
15. Ncb4 a5 16. Nxe7+ Qxe7 17. Nd5 Qb7 18. b4 f5 19. Bxb5 Qxb5 20. Nc7 Qd7 21.
Nxa8 Rxa8 22. exf5 Bc4 23. Re1 d5 24. Qg4 Bf6 25. Red1 Qc8 26. a4 g6 27. bxa5
Qxf5 28. Qg3 Qf4 29. Qh3 Qf5 30. Qe3 d4 31. cxd4 exd4 32. Qg3 Be5 33. Qa3 Rf8
34. Kh1 d3 35. Qc1 Bd5 36. Qc5 Bxa1 37. Rxa1 0-1

[Event "16. Offene Südharz-Meisterschaft"]
[Site "Mansfeld"]
[Date "2023.12.17"]
[Round "4.3"]
[White "Lehmann, Taylor"]
[Black "Groebel, Henning"]
[Result "1/2-1/2"]
[WhiteElo "1839"]
[BlackElo "1680"]
[PlyCount "51"]
[EventDate "2023.??.??"]

1. e4 d6 2. Nc3 Nf6 3. d4 g6 4. Nf3 Bg7 5. Be2 O-O 6. h3 c6 7. Be3 Nbd7 8. Qd2
b5 9. a3 Qa5 10. O-O Qc7 11. Ne1 a6 12. f4 c5 13. d5 b4 14. axb4 cxb4 15. Na4
Nxe4 16. Qxb4 Ng3 17. Rf2 Nxe2+ 18. Rxe2 Rb8 19. Qa3 Nf6 20. Nc3 Qc4 21. Qa2
Qxa2 22. Rxa2 Bb7 23. Ra5 Rfc8 24. Ba7 Ra8 25. Bb6 Kf8 26. Rd2 1/2-1/2

[Event "16. Offene Südharz-Meisterschaft"]
[Site "Mansfeld"]
[Date "2023.12.17"]
[Round "4.4"]
[White "Ziegenfuss, Holger"]
[Black "Wohlrabe, Joerg"]
[Result "1-0"]
[WhiteElo "2001"]
[BlackElo "1627"]
[PlyCount "107"]
[EventDate "2023.??.??"]

1. e4 g6 2. d4 Bg7 3. Be3 d6 4. c3 a6 5. f4 e6 6. Be2 b5 7. Nh3 Bb7 8. Bf3 Nd7
9. O-O Ngf6 10. Nd2 c5 11. Kh1 O-O 12. Qe1 Ne8 13. f5 exf5 14. exf5 Bxf3 15.
Nxf3 Nef6 16. Qg3 Nd5 17. Bg5 N7f6 18. Qh4 Qd7 19. Rae1 Rae8 20. Rxe8 Nxe8 21.
g4 f6 22. Bd2 g5 23. Qg3 h6 24. Nf2 Qc6 25. Re1 Rf7 26. dxc5 dxc5 27. Re6 Qc8
28. Ne4 Re7 29. Nd6 Nxd6 30. Qxd6 Qb7 31. Qxa6 Qxa6 32. Rxa6 Re2 33. Rd6 Nf4
34. Bxf4 gxf4 35. Rd2 Re3 36. Kg2 Bf8 37. Kf2 Re4 38. Rd7 b4 39. Nd2 Re5 40. c4
h5 41. h3 hxg4 42. hxg4 Re3 43. Nf3 Re4 44. b3 Re8 45. Nh4 Re3 46. Ng6 Bg7 47.
Nxf4 Rc3 48. Re7 Bh6 49. Nd5 Rh3 50. Kg2 Rd3 51. Nxf6+ Kf8 52. Re2 Bf4 53. Ne4
Rd7 54. Kf3 1-0

[Event "16. Offene Südharz-Meisterschaft"]
[Site "Mansfeld"]
[Date "2023.12.17"]
[Round "4.5"]
[White "Poetzsch, Reiko"]
[Black "Schulemann, Gero"]
[Result "1-0"]
[WhiteElo "1841"]
[BlackElo "1905"]
[PlyCount "79"]
[EventDate "2023.??.??"]

1. e4 c5 2. Nf3 e6 3. c3 Nf6 4. d3 Nc6 5. Be2 Be7 6. O-O O-O 7. Re1 b6 8. Nbd2
Bb7 9. Nf1 Qc7 10. Ng3 d5 11. Qc2 Rad8 12. Bg5 h6 13. Bd2 Bd6 14. Bf1 Ne5 15.
Nxe5 Bxe5 16. Rad1 dxe4 17. dxe4 Bxg3 18. hxg3 Qe5 19. Bd3 Qh5 20. f3 e5 21.
Kf2 Rd6 22. Be2 Rfd8 23. Be3 Qg6 24. Rxd6 Rxd6 25. Qa4 Kh7 26. Qxa7 Bxe4 27.
Qc7 Nd5 28. Qb8 Bf5 29. g4 Bxg4 30. Bd3 f5 31. fxg4 Nxe3 32. Rxe3 e4 33. Bc4
Qf6 34. g5 Qe5 35. Qg8+ Kg6 36. Qf7+ Kxg5 37. Rg3+ Kf4 38. Qh5 Qf6 39. Qh2 Rd2+
40. Be2 1-0

[Event "16. Offene Südharz-Meisterschaft"]
[Site "Mansfeld"]
[Date "2023.12.17"]
[Round "4.6"]
[White "Schmidt, Alexander"]
[Black "Schwarz, Matthias"]
[Result "1-0"]
[WhiteElo "1891"]
[BlackElo "1507"]
[PlyCount "45"]
[EventDate "2023.??.??"]

1. e4 d6 2. Nc3 Nf6 3. d4 g6 4. Be3 Bg7 5. Qd2 Ng4 6. Bg5 f6 7. Bh4 g5 8. Bg3
e5 9. f3 exd4 10. Qxd4 Ne5 11. O-O-O Nbc6 12. Qd2 f5 13. h4 g4 14. h5 Be6 15.
f4 Nc4 16. Bxc4 Bxc4 17. exf5 Qf6 18. Re1+ Kd7 19. h6 Bxh6 20. Ne4 Qf8 21. Qc3
b5 22. Nf6+ Kc8 23. Re8+ 1-0

[Event "16. Offene Südharz-Meisterschaft"]
[Site "Mansfeld"]
[Date "2023.12.17"]
[Round "4.7"]
[White "Hoffmann, Svenja"]
[Black "Ziegenfuss, Antonia"]
[Result "0-1"]
[WhiteElo "1632"]
[BlackElo "2184"]
[PlyCount "80"]
[EventDate "2023.??.??"]

1. e4 c5 2. Nf3 d6 3. d4 cxd4 4. Nxd4 Nf6 5. Nc3 a6 6. f3 e5 7. Nf5 d5 8. g4
Bxf5 9. exf5 d4 10. Ne4 Nxe4 11. fxe4 Qh4+ 12. Kd2 Bb4+ 13. c3 dxc3+ 14. bxc3
Qf2+ 15. Qe2 Qd4+ 16. Qd3 Bxc3+ 17. Ke2 Qxd3+ 18. Kxd3 Bxa1 19. Be3 Nc6 20. Ke2
O-O-O 21. g5 f6 22. h4 Bd4 23. Bd2 Rd6 24. Bg2 Rhd8 25. Bc1 Bc5 26. h5 Nd4+ 27.
Kf1 Nb5 28. Bf3 Rd3 29. Kg2 Be3 30. Bxe3 Rxe3 31. h6 gxh6 32. gxf6 Nd4 33. Bg4
Rxe4 34. Rxh6 Rxg4+ 35. Kh3 Nxf5 36. Rxh7 Rg3+ 37. Kh2 Rd2+ 38. Kh1 Rgg2 39.
Rh3 Ng3+ 40. Rxg3 Rxg3 0-1

[Event "16. Offene Südharz-Meisterschaft"]
[Site "Mansfeld"]
[Date "2023.12.17"]
[Round "4.8"]
[White "Diehn, Johannes"]
[Black "Noennig, Jakob"]
[Result "1-0"]
[WhiteElo "1576"]
[BlackElo "1879"]
[PlyCount "67"]
[EventDate "2023.??.??"]

1. Nf3 d5 2. c4 e6 3. d4 Nf6 4. Nc3 Be7 5. Bf4 O-O 6. e3 b6 7. Be2 dxc4 8. O-O
Nd5 9. Bg3 Nxc3 10. bxc3 b5 11. a4 c6 12. Qc2 Bd6 13. Rfb1 Bxg3 14. hxg3 Bd7
15. Ne5 a6 16. Bh5 f6 17. Nxd7 Qxd7 18. Bf3 Ra7 19. Be4 f5 20. Bf3 Qf7 21. g4
Re7 22. gxf5 exf5 23. d5 cxd5 24. axb5 axb5 25. Rxb5 Rd7 26. Qd2 Kh8 27. Rxd5
Rc7 28. Rd8 Nc6 29. Bxc6 Rxc6 30. Raa8 Rf6 31. Rxf8+ Qxf8 32. Rxf8+ Rxf8 33.
Qd5 Rc8 34. Qe6 1-0

[Event "16. Offene Südharz-Meisterschaft"]
[Site "Mansfeld"]
[Date "2023.12.17"]
[Round "4.9"]
[White "Neuber, Pascal"]
[Black "Prudlik, Finn Olmse"]
[Result "1-0"]
[WhiteElo "1878"]
[BlackElo "1556"]
[PlyCount "71"]
[EventDate "2023.??.??"]

1. e4 e5 2. Nc3 Nf6 3. f4 exf4 4. e5 Ng8 5. Nf3 d6 6. exd6 Bxd6 7. d4 Ne7 8.
Bd3 O-O 9. O-O Bg4 10. Qe1 Ng6 11. Bxg6 fxg6 12. Nb5 Nc6 13. Nxd6 Qxd6 14. c3
Bxf3 15. Rxf3 g5 16. Qf1 Qf6 17. Qb5 Rab8 18. Bd2 Rfe8 19. Qd5+ Kh8 20. h4 gxh4
21. Bxf4 Qg6 22. Bxc7 Rbc8 23. Raf1 h6 24. Rf7 b6 25. Kh1 Ne7 26. Qd7 Nc6 27.
d5 Nb8 28. Qf5 Qxf5 29. R1xf5 Na6 30. Be5 Rg8 31. Rxa7 Nc5 32. Rff7 Rce8 33.
Bd4 Re2 34. Rxg7 Rxg7 35. Rxg7 Rxb2 36. d6 1-0

[Event "16. Offene Südharz-Meisterschaft"]
[Site "Mansfeld"]
[Date "2023.12.17"]
[Round "4.10"]
[White "Brueckner, Julian"]
[Black "Doerge, Sven"]
[Result "0-1"]
[WhiteElo "1534"]
[BlackElo "1875"]
[PlyCount "96"]
[EventDate "2023.??.??"]

1. e4 Nf6 2. Nc3 e5 3. Nf3 d6 4. d4 exd4 5. Nxd4 Be7 6. Be3 Nbd7 7. f3 a6 8.
Qd2 Ne5 9. O-O-O O-O 10. Be2 b5 11. g4 c5 12. Nf5 Bxf5 13. gxf5 Qa5 14. Rhg1
Kh8 15. Nd5 Qxa2 16. Qc3 Nxd5 17. Rxd5 Bf6 18. Qa3 Qxa3 19. bxa3 Be7 20. f4 Nd7
21. e5 Nb6 22. Rd2 d5 23. Bf3 Rad8 24. Rdg2 Rg8 25. f6 gxf6 26. Rxg8+ Rxg8 27.
Rxg8+ Kxg8 28. exf6 Bd6 29. h4 d4 30. Bd2 c4 31. f5 Bxa3+ 32. Kb1 Nd7 33. Bb7
Nc5 34. Bc6 b4 35. Ka2 c3 36. Bf4 d3 37. Kb1 b3 38. cxb3 c2+ 39. Ka2 c1=Q 40.
Bxc1 Bxc1 41. Kb1 Nxb3 42. Ba4 Na5 43. Bd1 Bf4 44. h5 Bg5 45. Bf3 Bxf6 46. Kc1
Bg5+ 47. Kd1 Kg7 48. Bg4 Kf6 0-1

[Event "16. Offene Südharz-Meisterschaft"]
[Site "Mansfeld"]
[Date "2023.12.17"]
[Round "5.1"]
[White "Schuetze, Norman"]
[Black "Sedlmayr, David"]
[Result "1-0"]
[WhiteElo "2277"]
[BlackElo "1989"]
[PlyCount "150"]
[EventDate "2023.??.??"]

1. e4 c5 2. Nc3 Nc6 3. Nge2 Nf6 4. d4 cxd4 5. Nxd4 e5 6. Ndb5 d6 7. Bg5 a6 8.
Na3 Be6 9. Nc4 Nd4 10. Ne3 Qa5 11. Bd3 Be7 12. O-O O-O 13. Bxf6 Bxf6 14. Ncd5
Bg5 15. Nc4 Qd8 16. Ncb6 Bxd5 17. Nxd5 Rc8 18. c3 Ne6 19. g3 Nc7 20. Nb6 Rb8
21. Bc4 Ne6 22. Nd5 Nc7 23. Qg4 Nxd5 24. Bxd5 Bf6 25. Rad1 Qc8 26. Qf3 b5 27.
Rd3 Rb6 28. Kg2 Qd8 29. h4 h6 30. Rfd1 g6 31. Bb3 h5 32. g4 Bxh4 33. Rh1 Qf6
34. gxh5 Qxf3+ 35. Rxf3 g5 36. Rd1 g4 37. Rf5 Kg7 38. Rg1 f6 39. Bd1 b4 40. c4
g3 41. Kh3 Bg5 42. Rxg3 Rc8 43. b3 Rc5 44. Bc2 Kh6 45. Kg4 Rc7 46. Rff3 Bf4 47.
Rg2 Rg7+ 48. Kh3 Rxg2 49. Kxg2 Kxh5 50. Rh3+ Kg6 51. Rh8 Kg7 52. Rd8 Kg6 53.
Bd3 Bc1 54. Kf3 Bb2 55. Bf1 f5 56. Bh3 fxe4+ 57. Kxe4 Bd4 58. f4 Kf6 59. Bc8
Bc5 60. f5 Rc6 61. Be6 Rc7 62. Rf8+ Kg7 63. Rg8+ Kf6 64. Rg6+ Ke7 65. Rg7+ Kd8
66. f6 d5+ 67. Kxd5 Bf8 68. Rxc7 Kxc7 69. Kxe5 Kc6 70. Bc8 a5 71. Ke6 Kc7 72.
Ba6 Bh6 73. Bb5 Kd8 74. c5 Bf8 75. c6 Bc5 1-0

[Event "16. Offene Südharz-Meisterschaft"]
[Site "Mansfeld"]
[Date "2023.12.17"]
[Round "5.2"]
[White "Lehmann, Taylor"]
[Black "Ziegenfuss, Holger"]
[Result "1/2-1/2"]
[WhiteElo "1839"]
[BlackElo "2001"]
[PlyCount "39"]
[EventDate "2023.??.??"]

1. e4 e5 2. Nf3 Nc6 3. Bc4 Nf6 4. d3 Be7 5. a4 O-O 6. O-O d5 7. exd5 Nxd5 8.
Re1 Nb6 9. Bb5 f6 10. a5 Nd5 11. c3 Kh8 12. Nbd2 Nxa5 13. d4 Nc6 14. Bxc6 bxc6
15. dxe5 Bg4 16. Qa4 Bd7 17. e6 Be8 18. Ne4 Nb6 19. Qd1 Qd5 20. Bf4 1/2-1/2

[Event "16. Offene Südharz-Meisterschaft"]
[Site "Mansfeld"]
[Date "2023.12.17"]
[Round "5.3"]
[White "Groebel, Henning"]
[Black "Poetzsch, Reiko"]
[Result "1/2-1/2"]
[WhiteElo "1680"]
[BlackElo "1841"]
[PlyCount "48"]
[EventDate "2023.??.??"]

1. e4 e5 2. Nf3 Nc6 3. Bc4 Bc5 4. d3 d6 5. c3 Bg4 6. Nbd2 Nf6 7. b4 Bb6 8. Qb3
O-O 9. O-O a6 10. h3 Bh5 11. g4 Bg6 12. Re1 Qd7 13. Nh2 h6 14. Ndf1 Ne7 15. Be3
Ba7 16. Bxa7 Rxa7 17. Qc2 c6 18. Ng3 a5 19. a3 Rfa8 20. Rad1 b5 21. Bb3 axb4
22. axb4 Ra3 23. Nf5 h5 24. d4 Qc7 1/2-1/2

[Event "16. Offene Südharz-Meisterschaft"]
[Site "Mansfeld"]
[Date "2023.12.17"]
[Round "5.4"]
[White "Ziegenfuss, Antonia"]
[Black "Zander, Luca"]
[Result "1-0"]
[WhiteElo "2184"]
[BlackElo "1702"]
[PlyCount "55"]
[EventDate "2023.??.??"]

1. d4 e6 2. c4 d5 3. Nc3 Nf6 4. cxd5 exd5 5. Bg5 c6 6. e3 Bf5 7. Qf3 Be6 8.
Bxf6 Qxf6 9. Qxf6 gxf6 10. Bd3 a5 11. Nf3 Na6 12. Rc1 h5 13. g3 Kd7 14. Nh4 Nc7
15. f4 Kd8 16. Kf2 a4 17. Ne2 a3 18. b3 Bb4 19. f5 Bd7 20. Nf4 Ne8 21. h3 Bd6
22. g4 Ng7 23. Be2 Bxf4 24. exf4 Ke7 25. Bd3 hxg4 26. hxg4 Rh7 27. Ng6+ fxg6
28. Rxh7 1-0

[Event "16. Offene Südharz-Meisterschaft"]
[Site "Mansfeld"]
[Date "2023.12.17"]
[Round "5.5"]
[White "Steudner, Reinhold"]
[Black "Schmidt, Alexander"]
[Result "0-1"]
[WhiteElo "1637"]
[BlackElo "1891"]
[PlyCount "108"]
[EventDate "2023.??.??"]

1. d4 Nf6 2. Nc3 d6 3. e4 Nbd7 4. Bd3 e5 5. d5 Be7 6. f3 Nh5 7. Nge2 O-O 8. O-O
c6 9. Be3 Bg5 10. Qd2 Bxe3+ 11. Qxe3 Nc5 12. g4 Nf6 13. dxc6 bxc6 14. Rad1 Rb8
15. b3 Qe7 16. Ng3 g6 17. Rf2 Ne6 18. g5 Nd7 19. h4 Nf4 20. Rh2 Nc5 21. Nce2
Nce6 22. Bc4 Nxe2+ 23. Nxe2 Ng7 24. Ng3 Be6 25. Qd3 Rbd8 26. Qc3 f6 27. gxf6
Qxf6 28. Be2 c5 29. Qe3 Bf7 30. Qg5 Qxg5 31. hxg5 Ne6 32. Rg2 Nxg5 33. Nf5 Nh3+
34. Kf1 Nf4 35. Rg1 Be6 36. Nxd6 h5 37. Nb7 Rxd1+ 38. Bxd1 c4 39. Nc5 cxb3 40.
axb3 Bh3+ 41. Kf2 Bc8 42. Ke3 Kf7 43. Be2 Kf6 44. Bc4 h4 45. Nd3 Nh3 46. Rh1 g5
47. Nf2 Nf4 48. Bf1 Be6 49. Nh3 Nh5 50. Rg1 Ng3 51. Nf2 Rc8 52. Bd3 Nh5 53.
Ng4+ Bxg4 54. Rxg4 h3 0-1

[Event "16. Offene Südharz-Meisterschaft"]
[Site "Mansfeld"]
[Date "2023.12.17"]
[Round "5.6"]
[White "Reckner, Jens"]
[Black "Neuber, Pascal"]
[Result "1-0"]
[WhiteElo "1727"]
[BlackElo "1878"]
[PlyCount "45"]
[EventDate "2023.??.??"]

1. d4 Nf6 2. Bf4 e6 3. e3 c5 4. c3 d5 5. Nd2 Bd6 6. Bg3 Nbd7 7. Bxd6 Qb6 8.
dxc5 Qxb2 9. Qc1 Qxc1+ 10. Rxc1 e5 11. Bb5 e4 12. c4 a6 13. Ba4 b5 14. cxb6 Kd8
15. c5 Ne8 16. Bg3 Ke7 17. Bc6 Rb8 18. Bxd7 Bxd7 19. Bxb8 Bc6 20. Ne2 Nf6 21.
Nd4 Bd7 22. Bd6+ Kd8 23. b7 1-0

[Event "16. Offene Südharz-Meisterschaft"]
[Site "Mansfeld"]
[Date "2023.12.17"]
[Round "5.7"]
[White "Doerge, Sven"]
[Black "Meitzner, Jonathan Franz"]
[Result "1-0"]
[WhiteElo "1875"]
[BlackElo "1599"]
[PlyCount "71"]
[EventDate "2023.??.??"]

1. e4 c5 2. Nf3 d6 3. Bc4 Nf6 4. d3 e6 5. c3 Be7 6. O-O O-O 7. a4 Bd7 8. Na3 a6
9. Be3 Nc6 10. Bb3 Qc7 11. Bc2 Rfc8 12. Rb1 h6 13. Qd2 Ng4 14. Bf4 e5 15. Bg3
Be6 16. h3 Nf6 17. b4 cxb4 18. cxb4 Qd7 19. Nc4 Bd8 20. Kh2 Na7 21. Ne3 b5 22.
d4 exd4 23. Nxd4 d5 24. Nxe6 Qxe6 25. exd5 Rxc2 26. Qxc2 Nxd5 27. Nxd5 Qxd5 28.
Rbd1 Qb7 29. Qf5 Bf6 30. Rd7 Qb6 31. Qd5 Rf8 32. Bd6 Rc8 33. Qxf7+ Kh8 34. a5
Qd4 35. Bf8 Qe5+ 36. f4 1-0

[Event "16. Offene Südharz-Meisterschaft"]
[Site "Mansfeld"]
[Date "2023.12.17"]
[Round "5.8"]
[White "Petzold, Johannes Julius"]
[Black "Diehn, Johannes"]
[Result "1-0"]
[WhiteElo "1809"]
[BlackElo "1576"]
[PlyCount "61"]
[EventDate "2023.??.??"]

1. e4 c5 2. Nf3 d6 3. d4 cxd4 4. Nxd4 Nf6 5. Nc3 a6 6. Bg5 Nbd7 7. f4 h6 8. Bh4
Qb6 9. Qd2 Qxb2 10. Rb1 Qa3 11. Be2 Nc5 12. Bf3 e5 13. fxe5 dxe5 14. Bxf6 gxf6
15. Nd5 exd4 16. Nxf6+ Kd8 17. Qxd4+ Nd7 18. Nxd7 Bxd7 19. Qxh8 Kc7 20. Qf6
Qe3+ 21. Kd1 Be6 22. Qe5+ Bd6 23. Qa5+ b6 24. Qd2 Qc5 25. Be2 Rd8 26. Bd3 Bg4+
27. Ke1 Bxh2 28. Qf2 Qc3+ 29. Kf1 Rxd3 30. Rxh2 Be2+ 31. Qxe2 1-0

[Event "16. Offene Südharz-Meisterschaft"]
[Site "Mansfeld"]
[Date "2023.12.17"]
[Round "5.9"]
[White "Schulemann, Gero"]
[Black "Martemyanov, Mikhail"]
[Result "1-0"]
[WhiteElo "1905"]
[BlackElo "1257"]
[PlyCount "101"]
[EventDate "2023.??.??"]

1. e4 c5 2. Nf3 e6 3. d4 cxd4 4. Nxd4 a6 5. Bd3 Nf6 6. c4 d6 7. O-O Be7 8. Nc3
b6 9. Be3 Bb7 10. Qe2 O-O 11. f3 Nbd7 12. Rac1 Rc8 13. Nc2 Qc7 14. Qf2 Bd8 15.
Rfd1 Qb8 16. Bf1 Bc7 17. g3 Rfd8 18. b4 Ne5 19. b5 a5 20. Na4 Nfd7 21. Nd4 Nc5
22. Nc3 Qa8 23. Be2 Rf8 24. g4 Rcd8 25. h4 h5 26. gxh5 f5 27. exf5 exf5 28. Bg5
Rde8 29. Nd5 Bxd5 30. cxd5 Qc8 31. Qg2 Kh7 32. Nc6 Qd7 33. Rc3 Rg8 34. Re3 Nxc6
35. bxc6 Qf7 36. Rxe8 Rxe8 37. Kf2 Re5 38. Bc4 b5 39. Bf4 Re8 40. Bxb5 Rb8 41.
Qg6+ Qxg6 42. hxg6+ Kxg6 43. a4 Re8 44. Be3 Bb6 45. Bd4 Kf7 46. Kg3 g6 47. Kf4
Re7 48. Rc1 Rc7 49. Bxc5 Bxc5 50. Rxc5 dxc5 51. d6 1-0

[Event "16. Offene Südharz-Meisterschaft"]
[Site "Mansfeld"]
[Date "2023.12.17"]
[Round "5.10"]
[White "Buchmann, Luca"]
[Black "Ziegenfuss, Larissa"]
[Result "0-1"]
[WhiteElo "1503"]
[BlackElo "1857"]
[PlyCount "64"]
[EventDate "2023.??.??"]

1. e4 c5 2. Nc3 e6 3. f4 d6 4. Nf3 a6 5. g3 b5 6. a3 Bb7 7. d3 Nd7 8. Bg2 Qc7
9. O-O Ngf6 10. Bd2 Be7 11. Qe2 O-O 12. Rae1 Nb6 13. Nh4 b4 14. Nb1 a5 15. f5
Qd8 16. Bh3 e5 17. Nf3 Nxe4 18. dxe4 Ba6 19. Qg2 Bxf1 20. Rxf1 Nc4 21. Bc1 f6
22. g4 d5 23. Rd1 d4 24. g5 Qb6 25. gxf6 Bxf6 26. Ng5 bxa3 27. Nxa3 Nxb2 28.
Rf1 Qb4 29. Qg3 a4 30. Ne6 Rf7 31. Bh6 Kh8 32. Kh1 gxh6 0-1